000 00404nam a2200181Ia 4500
005 20250423095723.0
008 250422s9999 xx 000 0 und d
020 _a978-0-224-08975-3
050 _aPS3566.Y55154
100 _aThomas Pynchon
245 0 _aInherent Vice
260 _aLondon
260 _bJonathan Cape
260 _c2009
300 _a369 p
650 _aLiterature
942 _cBK
999 _c31132
_d31132